00848cam a2200241 a 450000100100000000500170001000800410002702000150006804000290008305000180011208200150013010000280014524500810017326000470025430000270030150400320032865000190036065100540037991000340043304900090046795201130047699900170058900001812120200929165349.0740315s1974 ctu b 001 0 eng d a0300016557 aDO-SdBNPbengcLCdBNPHU00aDS871.5b.B66 ann*bB689t1 aBolitho, Harold.93926810aTreasures among men :bthe fudai daimyo in Tokugawa Japan /cHarold Bolitho. aNew Haven :bYale University Press,c1974. axiii, 278 p. ;c23 cm. aBibliografía: p. 263-270. 0aDaimyo.939269 0aJapanxPolitics And Governmenty1600-1868.939270 aCatalogación por copia / LC aBNGR 001050718MOaGRbGRcCTd2010-04-15iLF1l0onn* B689tp18121-10r2020-06-25w2020-06-25y1ZNo se presta c17642d17642